Statistiques concernant RLCS Players win Majors

Cliquez ici pour prendre le quiz!

Statistiques générales

  • Ce quiz a été pris 34 fois
  • Le résultat moyen est 10 sur 24

Statistiques - réponses

RLCS wonNationalityPlayer% Correct
3FranceKaydop
97%
1Francezen
79%
1FranceFairy Peak
72%
1FranceM0nkey M00n
69%
1FranceRadosin
62%
1FranceAlpha54
59%
1FranceSeikoo
59%
4SwedenTurbopolsa
59%
1FranceExtra
55%
1CanadaSquishyMuffinz
48%
1ScotlandScrub Killa
45%
1USAjstn.
41%
2NetherlandsViolentPanda
38%
1USAGarrettG
28%
1USAKronovi
28%
1Italykuxir97
28%
1USATorment
28%
1USAGimmick
17%
1USA0ver Zer0
14%
1EnglandDeevo
10%
1ScotlandMarkydooda
10%
1NorwaygReazymeister
3%
1CanadaLachinio
3%
1Netherlandsremkoe
3%

Distribution des résultats

Percentile par nombre de réponses

% des personnes avec chaque résultat

Votre développement - résultats

Vous n’avez pas pris ce quiz